| Tag |
First Indicator |
Second Indicator |
Subfields |
| LEADER |
00000cam a2200000 a 4500 |
| 001 |
in00000763003 |
| 005 |
20151017051515.0 |
| 008 |
810720s1981 ilua b 00010 eng d |
| 035 |
|
|
|a (OCoLC)07599292
|
| 035 |
|
|
|9 ADK6583AM
|
| 040 |
|
|
|a CBT
|c CBT
|d m/c
|d TXA
|d UtOrBLW
|
| 049 |
1 |
|
|a TXA2
|
| 088 |
|
|
|a FHWA/IL/UI-189
|
| 088 |
|
|
|a UILU-ENG-81-2006
|
| 090 |
|
|
|a TA630
|b .I45 no. 91
|
| 100 |
1 |
|
|a Bowman, Mark D.
|
| 245 |
1 |
4 |
|a The effect of discontinuities on the fatigue behavior of transverse butt welds in steel /
|c by Mark D. Bowman and W.H. Munge.
|
| 264 |
|
1 |
|a Urbana, Ill. :
|b University of Illinois, Dept. of Civil Engineering ;
|c 1981.
|
| 264 |
|
2 |
|a Springfield, Va. :
|b For sale by the National Technical Information Service,
|
| 300 |
|
|
|a xvi, 230 pages :
|b illustrations ;
|c 28 cm.
|
| 336 |
|
|
|a text
|b txt
|2 rdacontent
|
| 337 |
|
|
|a unmediated
|b n
|2 rdamedia
|
| 338 |
|
|
|a volume
|b nc
|2 rdacarrier
|
| 490 |
1 |
|
|a Civil engineering studies : Structural research series ;
|v no. 491
|
| 490 |
1 |
|
|a Illinios Cooperative Highway and Transportation Research Program series ;
|v no 189
|
| 500 |
|
|
|a "April 1981."
|
| 500 |
|
|
|a "FHWA/IL/UI-189."
|
| 500 |
|
|
|a "UILU-ENG-81-2006."
|
| 500 |
|
|
|a Contract number IHR-304/N00167-78-C-0060.
|
| 500 |
|
|
|a Based on investigations sponsored by the Illinois Division of Highways, the Federal Highway Administration, the David W. Taylor Ship Research and Development Center and the Dept. of Civil Engineering, University of Illinois.
|
| 504 |
|
|
|a Includes bibliographical references.
|
| 650 |
|
0 |
|a Steel
|x Fatigue
|x Testing.
|
| 650 |
|
0 |
|a Steel
|x Welding.
|
| 700 |
1 |
|
|a Munse, W. H.
|
| 710 |
1 |
|
|a Illinois.
|b Division of Highways.
|
| 710 |
2 |
|
|a David W. Taylor Naval Ship Research and Development Center.
|
| 710 |
2 |
|
|a University of Illinois (Urbana-Champaign campus).
|b Department of Civil Engineering.
|
| 740 |
0 |
|
|a Fatigue behavior of transverse butt welds in steel.
|
| 710 |
0 |
|
|a University of Illinois (Urbana-Champaign campus).
|b Department of Civil Engineering.
|b Engineering Experiment Station.
|b Structural Research Laboratory.
|t Contract no. IHR-304/N00167-78-C-0060.
|
| 830 |
|
0 |
|a Civil engineering studies.
|p Structural research series ;
|v no. 491.
|
| 830 |
|
0 |
|a Illinois Cooperative Highway and Transportation Research Program series ;
|v no. 189.
|
| 999 |
|
|
|a MARS
|
| 999 |
f |
f |
|s daefc4b5-c5a8-3055-b853-707cd183f7dd
|i c3fcc060-e8fc-3e25-8d49-588701345b2f
|t 0
|
| 952 |
f |
f |
|p ric
|a Texas A&M University
|b Rellis Campus
|c Joint Library Facility
|d Remote Storage
|t 0
|e TA630 .I45
|h Library of Congress classification
|i unmediated -- volume
|k no.91
|m A14810715002
|
| 998 |
f |
f |
|a TA630 .I45
|s no.91
|t 0
|l Remote Storage
|